Вымышленные личности - Армагеддон - Statistics

General Stats
  • This quiz has been taken 35 times
  • The average score is 2 of 13
Answers on the Grid
Answers color-coded by a green-red scale on the quiz's grid according to % correct below.
Игорь Губерман
Александр Пушкин
Дон Херцфельдт
Мику Хацунэ
Иероним Босх
Mr. Freeman
Вангелис
Нат Тейт
Станислав Лем
Килгор Траут
Макс Фрай
Дмитрий Горчев
Амброз Бирс
Виктор Пелевин
Рэймонд Чандлер
Бэнкси
Дон Хуан Матус
Уильям Шекспир
Агата Кристи
Рю Мураками
Иван Петрович Белкин
Козьма Прутков
Ричард Бахман
Наталья Солнцева
Шура Каретный
Никки Каллен
Ник Нолти
Кормак Маккарти
Роберт Гэлбрейт
Абдул Альхазред
 
Answer Stats
Answer % Correct
Mr. Freeman
55%
Иван Петрович Белкин
35%
Мику Хацунэ
32%
Макс Фрай
23%
Козьма Прутков
19%
Дон Хуан Матус
16%
Нат Тейт
13%
Ричард Бахман
10%
Шура Каретный
10%
Никки Каллен
10%
Килгор Траут
6%
Роберт Гэлбрейт
3%
Абдул Альхазред
0%
No matching quizzes found
Score Distribution
Percent of People with Each Score
Percentile by Number Answered
Your Score History
You have not taken this quiz